000
00205nam a22000857a 4500
008
161112b xxu||||| |||| 00| 0 eng d
100
_9
1161
_a
Dhillion
245
_a
Prefect PSA-IX
260
_a
New Delhi
_b
APC
_c
2013
999
_c
3821
_d
3821